| 000 | 02023nam a22002537a 4500 | ||
|---|---|---|---|
| 999 |
_c63125 _d63125 |
||
| 003 | Ge_BSU | ||
| 005 | 20250609111805.0 | ||
| 008 | 250609s2018 ge ||||| |||| 00| 0 geo d | ||
| 020 | _a9789941476693 | ||
| 041 | _ageo | ||
| 080 | _a51(075.8) მ-15 | ||
| 245 |
_aმათემატიკა : მე-4 კლასი : _b მოსწავლის წიგნი. ნაწ. 2 / _c გურამ გოგიშვილი, თეიმურაზ ვეფხვაძე, ია მებონია, ლამარა ქურჩიშვილი; რედაქტორი თეიმურაზ ვეფხვაძე; მხატვარი მაკა ერისთავი; გარეკანის დიზაინერები: გურამ გოგიშვილი, ილია ხელაია. |
||
| 264 |
_aთბილისი : _bინტელექტი, _c2018. |
||
| 300 |
_a118 გვ. : _b ილ.; _c28 სმ. |
||
| 500 | _aგრიფი მიენიჭა საქართველოს განათლების, მეცნიერების, კულტურისა და სპორტის სამინისტროს მიერ 2018 წლის 24 ივლისს, ბრძანება #25 | ||
| 653 | _aმათემატიკა | ||
| 700 |
_aგოგიშვილი, გურამ _eავტორი, გარეკანის დიზაინერი _925315 |
||
| 700 |
_aვეფხვაძე, თეიმურაზ _eავტორი, რედაქტორი _925316 |
||
| 700 |
_aმებონია, ია _eავტორი _925317 |
||
| 700 |
_aქურჩიშვილი, ლამარა _eავტორი _925318 |
||
| 700 |
_aერისთავი, მაკა _eმხატვარი _925303 |
||
| 700 |
_aხელაია, ილია _eგარეკანის დიზაინერი _925319 |
||
| 942 |
_2udc _cᲬᲘᲒᲜᲘ |
||